书目信息 |
| 题名: |
建筑施工技术
|
|
| 作者: | 白锋 主编 | |
| 分册: | ||
| 出版信息: | 北京 中国建筑工业出版社 2004.07 |
|
| 页数: | 148页 | |
| 开本: | 28cm | |
| 丛书名: | ||
| 单 册: | ||
| 中图分类: | TU74 | |
| 科图分类: | ||
| 主题词: | 建筑工程--工程施工--技术 | |
| 电子资源: | ||
| ISBN: | 978-7-112-06179-2 | |
| 000 | 00581nam0 2200193 450 | |
| 001 | 1233627894 | |
| 005 | 20120408092152.12 | |
| 010 | @a978-7-112-06179-2@dCNY14.00 | |
| 100 | @a20120408d2004 km y0chiy0120 ea | |
| 101 | 0 | @achi |
| 102 | @aCN@b110000 | |
| 200 | 1 | @a建筑施工技术@Ajian zhu shi gong ji shu@f白锋主编@Fbai feng zhu bian |
| 210 | @a北京@c中国建筑工业出版社@d2004.07 | |
| 215 | @a148页@d28cm | |
| 606 | 0 | @a建筑工程@x工程施工@x技术 |
| 690 | @aTU74@v4 | |
| 701 | 0 | @a白锋@Abai feng@4主编 |
| 801 | 0 | @aCN@b大连网信软件有限公司图书馆·11@c20120408 |
| 905 | @aZUCC@dTU74@eB112 | |
| 建筑施工技术/白锋主编.-北京:中国建筑工业出版社,2004.07 |
| 148页;28cm |
| ISBN 978-7-112-06179-2:CNY14.00 |
| ● |
| 相关链接 |
|
|
|
正题名:建筑施工技术
索取号:TU74/B112
 
预约/预借
| 序号 | 登录号 | 条形码 | 馆藏地/架位号 | 状态 | 备注 |
| 1 | 485929 | 204859297 | 土木与交通工程学院资料室/ [索取号:TU74/B112] | 在馆 |